000 00981nam a2200241 a 4500
001 000022486
005 20200930021633.0
008 101012s1999 xxu 000 0 spa d
040 _aDO-SdBNP
_bspa
_cBNPHU
041 1 7 _2eng
082 _a016.30482
_bA644d
100 1 _aAponte, Sarah
_943498
245 1 0 _aDominican migration to the United states 1970-1997 :
_ban annotated bibliography /
_cSarah Aponte ; prólogo Silvio Torres Saillant.
260 _aNew York :
_bThe Cuny Dominican Studies Institute,
_c1999.
300 _a178 p. ;
_c22 cm.
500 _aIncluye referencias bibliográficas y notas al pie de páginas
504 _aBibliografías p. 119-145
590 _aInventariado 2018/DG
650 4 _aDominicanos en estados unidos
_y1970-1997
_xBibliografías
_946331
651 4 _aRepública Dominicana
_xEmigración E Inmigración
_y1970-1997
_xBibliografías
_946332
700 1 2 _aTorres Saillent, Silvio
_epról.
_946333
910 _aValidado. Control de calidad MFF
999 _c21984
_d21984